Statistiques concernant Pays avec le plus de réacteurs nucléaires

Cliquez ici pour prendre le quiz!

Statistiques générales

  • Ce quiz a été pris 198 fois
  • Le résultat moyen est 15 sur 20

Statistiques - réponses

Nombre de réacteursPays% Correct
67,1 %France
100%
56France
100%
93Etats-Unis
99%
38Russie
97%
20,6 %Russie
97%
52Chine
96%
9Japon
93%
19Canada
90%
13Royaume-Uni
90%
22,2 %Espagne
85%
21Inde
85%
15Ukraine
82%
51,2 %Ukraine
82%
23Corée du Sud
69%
29,6 %Corée du Sud
69%
39,1 %Belgique
63%
32,9 %Suisse
55%
48 %Hongrie
32%
53,1 %Slovaquie
26%
37,8 %Slovénie
22%

Distribution des résultats

Percentile par nombre de réponses

% des personnes avec chaque résultat

Votre développement - résultats

Vous n’avez pas pris ce quiz